| 000 | 00632nam a2200169Ia 4500 | ||
|---|---|---|---|
| 005 | 20250424120303.0 | ||
| 008 | 250424s9999 xx 000 0 und d | ||
| 022 | _a11156787 | ||
| 050 | _aQ 183.4.N5 .J68/ | ||
| 245 | 0 | _aJournal of science and computer education(JOSCED) | |
| 260 | _aEnugu state | ||
| 260 | _bDepartment of science and computer education | ||
| 260 | _c2014 | ||
| 300 | _aviii, 284 p. 20 cm. | ||
| 650 | _a Science--Study and teaching--Nigeria--Periodicals. Computer science--Study and teaching--Nigeria--Periodicals. Computer science--Study and teaching. Science--Study and teaching. Nigeria. | ||
| 942 | _cSR | ||
| 999 |
_c38447 _d38447 |
||